000 01004cab a22002055a 4500
001 L153435
008 110726e20110715xxk 000 0 eng d
035 _a(Sirsi) u153435
041 0 _aeng
110 2 _aProperty Week
_91549
245 0 0 _aLondon remains the highlight in a subdued market
260 _c2011
490 0 _aProperty Week
_v77(28) 15 July 2011, 44(1)
520 _aThe latest Cushman & Wakefield property investment briefing shows prime property yields remaining unchanged in June , the fifth month in a row, averaging at 5.68%. The market remained a tale of one city, London. A lack of debt is the main reason for the subdued market but a pick-up is predicted. Table covers prime property comparative yields across all sectors with data from 2007 to June 2011.
590 _aKA
651 4 _aUnited Kingdom
_y
690 _aPROPERTY-COMMERCIAL PROPERTY-COMMERCIAL PROPERTY MARKET
690 _aPROPERTY-COMMERCIAL PROPERTY-COMMERCIAL PROPERTY FINANCE AND INVESTMENT
942 _n0
999 _c83289
_d83289